<?xml version="1.0" encoding="UTF-8"?>
<record
    xmlns:xsi="http://www.w3.org/2001/XMLSchema-instance"
    xsi:schemaLocation="http://www.loc.gov/MARC21/slim http://www.loc.gov/standards/marcxml/schema/MARC21slim.xsd"
    xmlns="http://www.loc.gov/MARC21/slim">

  <leader>01355nam a22001337a 4500</leader>
  <datafield tag="999" ind1=" " ind2=" ">
    <subfield code="c">533246</subfield>
    <subfield code="d">533246</subfield>
  </datafield>
  <controlfield tag="008">260430b           ||||| |||| 00| 0 eng d</controlfield>
  <datafield tag="100" ind1=" " ind2=" ">
    <subfield code="a">Riyath, M.I.M. Dayaratne, D.A.I and Jahfer, A. </subfield>
    <subfield code="9">60368</subfield>
  </datafield>
  <datafield tag="245" ind1=" " ind2=" ">
    <subfield code="a">Factors affecting going public decision in Sri Lanka: Structural equation modelling approach</subfield>
  </datafield>
  <datafield tag="260" ind1=" " ind2=" ">
    <subfield code="a">Vikalpa: The Journal for Decision Makers  </subfield>
  </datafield>
  <datafield tag="300" ind1=" " ind2=" ">
    <subfield code="a">51(1), Jan-Mar, 2026: p.76-97</subfield>
  </datafield>
  <datafield tag="520" ind1=" " ind2=" ">
    <subfield code="a">This study aims to identify the factors that influence the decision of companies to go public in Sri Lanka, where many qualified companies remain private despite meeting the listing requirements. The data are collected through a survey, and the analysis is conducted using exploratory factor analysis, binary logistic regression and structural equation modelling. The findings reveal that financing for future growth at a lower cost of capital, corporate image and liquidity, ownership and control rights, market establishments, company size, age and sector impact the decisions, while information and compliance costs and market efficiency do not.-Reproduced 

https://journals.sagepub.com/doi/full/10.1177/02560909251394102?_gl=1*120gzcg*_up*MQ..*_ga*NzUxNjcyODAyLjE
3Nzc1NDAxMjU.*_ga_60R758KFDG*czE3Nzc1NDAxMjUkbzEkZzEkdDE3Nzc1NDAxNDAkajQ1JGwwJGgzNTU2NjEzMjE.</subfield>
  </datafield>
  <datafield tag="773" ind1=" " ind2=" ">
    <subfield code="a">Vikalpa: The Journal for Decision Makers  </subfield>
  </datafield>
  <datafield tag="942" ind1=" " ind2=" ">
    <subfield code="c">AR</subfield>
  </datafield>
  <datafield tag="952" ind1=" " ind2=" ">
    <subfield code="0">0</subfield>
    <subfield code="1">0</subfield>
    <subfield code="2">ddc</subfield>
    <subfield code="4">0</subfield>
    <subfield code="7">0</subfield>
    <subfield code="9">408416</subfield>
    <subfield code="a">IIPA</subfield>
    <subfield code="b">IIPA</subfield>
    <subfield code="d">2026-04-30</subfield>
    <subfield code="h">51(1), Jan-Mar, 2026: p.76-97</subfield>
    <subfield code="p">AR138757</subfield>
    <subfield code="r">2026-04-30</subfield>
    <subfield code="y">AR</subfield>
  </datafield>
</record>
